[Event "StEM 2016"]
[Site "Bochum"]
[Date "2016.09.27"]
[Round "3.11"]
[White "Mai, Michael"]
[Black "Bock, Oswin"]
[Result "1-0"]
[WhiteElo "1436"]
[BlackElo "1316"]
[PlyCount "95"]
[EventDate "2016.??.??"]
[WhiteTeam "SV GÃ¼nnigfeld"]
[BlackTeam "SG HÃ¶ntrop"]

1. d4 Nf6 2. c4 e6 3. Nc3 Bb4 4. a3 Bxc3+ 5. bxc3 b6 6. Nf3 d6 7. e3 Nbd7 8.
Bd3 Bb7 9. O-O h6 10. Nd2 O-O 11. e4 c5 12. d5 e5 13. Nf3 Nh7 14. Be2 Ndf6 15.
Qd3 Bc8 16. h3 Bd7 17. Be3 Nh5 18. Nxe5 N5f6 19. Nxd7 Nxd7 20. Bf4 Qf6 21. Qg3
Ne5 22. Bxe5 dxe5 23. f4 exf4 24. Rxf4 Qe5 25. Raf1 Ng5 26. Qd3 Rad8 27. h4 Nh7
28. Rf5 Qe7 29. Qg3 f6 30. Rh5 Kh8 31. Rf4 g5 32. hxg5 fxg5 33. Rxf8+ Rxf8 34.
Rxh6 Qg7 35. Qh2 Rf4 36. Rh3 Rxe4 37. Bd3 Rh4 38. Qb8+ Nf8 39. Rf3 Rf4 40. Rxf4
gxf4 41. Qxf4 Ng6 42. Bxg6 Qxg6 43. Qe5+ Kh7 44. d6 Qb1+ 45. Kh2 Qg6 46. Qe7+
Kh6 47. Qe5 Qg4 48. Qh8+ 1-0

[Event "StEM 2016"]
[Site "Bochum"]
[Date "2016.10.04"]
[Round "4.1"]
[White "Wolf, Ulrich"]
[Black "Quast, Marcel"]
[Result "1/2-1/2"]
[WhiteElo "2045"]
[BlackElo "2230"]
[PlyCount "41"]
[EventDate "2016.??.??"]
[WhiteTeam "SV Wattenscheid"]
[BlackTeam "SC Gerthe - Werne"]

1. Nf3 Nf6 2. c4 e6 3. d4 b6 4. Nc3 Bb4 5. Bd2 Bb7 6. e3 Bxc3 7. Bxc3 Ne4 8.
Rc1 O-O 9. g3 d6 10. Bg2 Nd7 11. b4 Nxc3 12. Rxc3 c5 13. bxc5 bxc5 14. O-O Qa5
15. Qc2 Rab8 16. Rb3 cxd4 17. exd4 Nf6 18. Nd2 Bxg2 19. Kxg2 Qa4 20. Qb2 Nd7
21. Rb1 1/2-1/2

[Event "StEM 2016"]
[Site "Bochum"]
[Date "2016.10.04"]
[Round "4.2"]
[White "Lang, Daniel"]
[Black "Freisen, Thomas"]
[Result "1/2-1/2"]
[WhiteElo "1992"]
[BlackElo "1934"]
[PlyCount "30"]
[EventDate "2016.??.??"]
[WhiteTeam "SV Wattenscheid"]
[BlackTeam "SV GÃ¼nnigfeld"]

1. d4 Nf6 2. c4 e6 3. Nc3 Bb4 4. e3 b6 5. Nge2 Ba6 6. a3 Bxc3+ 7. Nxc3 d5 8. b3
O-O 9. Be2 Nc6 10. O-O Na5 11. cxd5 Bxe2 12. Nxe2 Qxd5 13. Rb1 Rac8 14. Bd2 Nb7
15. Nc3 Qd7 1/2-1/2

[Event "StEM 2016"]
[Site "Bochum"]
[Date "2016.10.04"]
[Round "4.3"]
[White "Funke, Eckhard"]
[Black "Hahn, Matthias"]
[Result "0-1"]
[WhiteElo "1815"]
[BlackElo "2041"]
[PlyCount "44"]
[EventDate "2016.??.??"]
[WhiteTeam "SV GÃ¼nnigfeld"]
[BlackTeam "SV Bochum-Linden"]

1. d4 d5 2. Nf3 e6 3. e3 c6 4. Bd3 Bd6 5. O-O f5 6. Ne5 Nf6 7. c4 O-O 8. f4
Nbd7 9. Nd2 Ne4 10. Nxd7 Bxd7 11. Nf3 Be8 12. Bd2 Bh5 13. Qc2 Bxf3 14. Rxf3 Kh8
15. c5 Bc7 16. Rh3 g5 17. Rf3 Qf6 18. Bxe4 fxe4 19. fxg5 Qxg5 20. Rxf8+ Rxf8
21. Qd1 Qh4 22. g3 Bxg3 0-1

[Event "StEM 2016"]
[Site "Bochum"]
[Date "2016.10.04"]
[Round "4.4"]
[White "Schmidt, Ralph"]
[Black "Sondermann, Dirk"]
[Result "1-0"]
[WhiteElo "1917"]
[BlackElo "1794"]
[PlyCount "73"]
[EventDate "2016.??.??"]
[WhiteTeam "SV Bochum-Linden"]
[BlackTeam "Sport Union Annen"]

1. e4 e6 2. Nc3 d5 3. d4 Nc6 4. Be3 Bb4 5. Bd3 Nf6 6. e5 Nd7 7. Qg4 Bf8 8. Bg5
Be7 9. Bxe7 Qxe7 10. Qxg7 Rf8 11. Nge2 Qb4 12. O-O Nxd4 13. Nxd4 Qxd4 14. Nb5
Qb6 15. a4 a6 16. a5 Qc5 17. b4 Qc6 18. Nd4 Qc3 19. Nf3 Qxb4 20. Ng5 Qd4 21.
Nxh7 Qxe5 22. Qxe5 Nxe5 23. Nxf8 Kxf8 24. f4 Nd7 25. Rf3 Nc5 26. Rg3 Bd7 27. h4
Ke7 28. Kf2 Rh8 29. Rh1 Bb5 30. Ke3 Bxd3 31. cxd3 Nb3 32. h5 Rh6 33. Rg8 d4+
34. Ke2 e5 35. fxe5 Re6 36. Kd1 Rxe5 37. Re1 1-0

[Event "StEM 2016"]
[Site "Bochum"]
[Date "2016.10.04"]
[Round "4.5"]
[White "Brandhoff, Gerd"]
[Black "Gausmann, Thomas"]
[Result "1/2-1/2"]
[WhiteElo "1828"]
[BlackElo "1455"]
[PlyCount "54"]
[EventDate "2016.??.??"]
[WhiteTeam "SV GÃ¼nnigfeld"]
[BlackTeam "SG Bochum"]

1. e4 e5 2. Nf3 Nc6 3. d4 exd4 4. Bc4 Nf6 5. Bg5 h6 6. Bh4 d6 7. Nxd4 Be7 8. f3
Nxd4 9. Qxd4 Be6 10. Bd3 c6 11. Nc3 Qc7 12. a3 O-O 13. Ne2 Nh5 14. Bxe7 Qxe7
15. O-O Rad8 16. Qxa7 Ra8 17. Qf2 Ra5 18. f4 f5 19. exf5 Bxf5 20. Bxf5 Raxf5
21. g4 Nxf4 22. Nxf4 Rxf4 23. Qxf4 Rxf4 24. Rxf4 Qe3+ 25. Rf2 Qd4 26. c3 Qxg4+
27. Rg2 Qe4 1/2-1/2

[Event "StEM 2016"]
[Site "Bochum"]
[Date "2016.10.04"]
[Round "4.6"]
[White "Boxberg, Marc"]
[Black "Hoffmann, Klaus"]
[Result "1/2-1/2"]
[WhiteElo "1536"]
[BlackElo "1628"]
[PlyCount "34"]
[EventDate "2016.??.??"]
[WhiteTeam "SVG Marten-BÃ¶vinghausen"]
[BlackTeam "SG HÃ¶ntrop"]

1. e4 e5 2. Nf3 d6 3. Bc4 Nf6 4. Nc3 Be7 5. O-O Bg4 6. d3 Nbd7 7. h3 Bh5 8. Bg5
c6 9. Qe2 O-O 10. a4 h6 11. Be3 Qc7 12. g4 Bg6 13. Nh4 Kh7 14. Nf5 Nb6 15. Bb3
Bxf5 16. gxf5 Qd7 17. f4 g6 1/2-1/2

[Event "StEM 2016"]
[Site "Bochum"]
[Date "2016.10.04"]
[Round "4.7"]
[White "Bauer, Matthias"]
[Black "KlÃ¼ting, Reiner"]
[Result "1/2-1/2"]
[WhiteElo "1620"]
[BlackElo "1866"]
[PlyCount "53"]
[EventDate "2016.??.??"]
[WhiteTeam "SV GÃ¼nnigfeld"]
[BlackTeam "SV Wattenscheid"]

1. f4 e5 2. fxe5 d6 3. Nf3 dxe5 4. e4 Bc5 5. c3 Qe7 6. d3 Nc6 7. Qc2 Bg4 8. Bg5
f6 9. Bh4 g5 10. Bf2 Bxf2+ 11. Qxf2 h5 12. Nbd2 h4 13. h3 Bh5 14. Be2 Bg6 15.
Nh2 Nh6 16. Ng4 Nxg4 17. Bxg4 Qd6 18. Rf1 O-O 19. Be2 Kg7 20. Nc4 Qd7 21. Ne3
Ne7 22. O-O-O Qa4 23. Kb1 Qc6 24. Bg4 a5 25. Bf5 Bxf5 26. Nxf5+ Nxf5 27. Qxf5
1/2-1/2

[Event "StEM 2016"]
[Site "Bochum"]
[Date "2016.10.04"]
[Round "4.8"]
[White "Bender, Markus"]
[Black "Mai, Michael"]
[Result "1-0"]
[WhiteElo "1831"]
[BlackElo "1436"]
[PlyCount "69"]
[EventDate "2016.??.??"]
[WhiteTeam "SV GÃ¼nnigfeld"]
[BlackTeam "SV GÃ¼nnigfeld"]

1. d4 Nf6 2. c4 g6 3. Nc3 d5 4. f3 Bg7 5. e4 e6 6. Bg5 h6 7. Bh4 g5 8. Bf2 O-O
9. Qd2 dxe4 10. Nxe4 Nbd7 11. O-O-O b6 12. Bd3 Bb7 13. Ne2 Nxe4 14. fxe4 Qe7
15. h4 f6 16. Ng3 Rf7 17. Bc2 Rd8 18. Rh2 Ne5 19. Qe2 Ng6 20. Nh5 Nf8 21. g3
Nh7 22. Be3 e5 23. Kb1 exd4 24. Rxd4 Rxd4 25. Bxd4 c5 26. Bc3 Qe6 27. Qe3 Qg4
28. Nxg7 Rxg7 29. e5 Qe6 30. Rd2 Re7 31. Rd8+ Re8 32. Qd3 Rxd8 33. Qxd8+ Kg7
34. Qc7+ Qf7 35. Qxf7+ 1-0

[Event "StEM 2016"]
[Site "Bochum"]
[Date "2016.10.04"]
[Round "4.10"]
[White "Tolksdorf, JÃ¼rgen"]
[Black "Hoffmann, Michael"]
[Result "0-1"]
[WhiteElo "1477"]
[BlackElo "1513"]
[PlyCount "75"]
[EventDate "2016.??.??"]
[WhiteTeam "SG HÃ¶ntrop"]
[BlackTeam "SC an der Uni Bochum"]

1. e4 c5 2. Nf3 d6 3. Bb5+ Bd7 4. Bxd7+ Qxd7 5. Nc3 Nc6 6. O-O g6 7. b3 Bg7 8.
Bb2 Nf6 9. Nd5 O-O 10. Re1 Rfe8 11. a4 Nxd5 12. Bxg7 Ne3 13. Rxe3 Kxg7 14. d4
cxd4 15. Nxd4 Rac8 16. h4 h5 17. Rg3 Kh7 18. Nf5 Ne5 19. Rg5 Ng4 20. f3 f6 21.
Qd4 Rg8 22. Rxg4 hxg4 23. Ne3 gxf3 24. gxf3 Qh3 25. Rf1 Kg7 26. c4 Rh8 27. Kf2
Qxh4+ 28. Ke2 Qg3 29. Rg1 Rh2+ 30. Kd3 Qxf3 31. Rf1 Qe2+ 32. Kc3 a5 33. Nf5+
gxf5 34. Rg1+ Kf8 35. Rg8+ Kxg8 36. Qd5+ Kf8 37. Qxf5 Qb2+ 38. Kd3 0-1

[Event "StEM 2016"]
[Site "Bochum"]
[Date "2016.10.04"]
[Round "4.11"]
[White "Koch, Guido"]
[Black "Bock, Oswin"]
[Result "1-0"]
[WhiteElo "1633"]
[BlackElo "1316"]
[PlyCount "69"]
[EventDate "2016.??.??"]
[WhiteTeam "SV Wattenscheid"]
[BlackTeam "SG HÃ¶ntrop"]

1. Nf3 Nf6 2. d3 e6 3. e4 d6 4. Bg5 Be7 5. Be2 Nbd7 6. O-O O-O 7. Nbd2 e5 8.
Re1 b5 9. Nf1 Nh5 10. Bxe7 Qxe7 11. Nxe5 Nf4 12. Nxd7 Bxd7 13. Ng3 Qg5 14. Bf1
Bg4 15. Qc1 Be6 16. Kh1 Qf6 17. d4 Bc4 18. Bxc4 bxc4 19. Nf5 Ng6 20. Qd2 a5 21.
Ne3 c5 22. d5 Ne5 23. Rf1 Qf4 24. Nxc4 Qxe4 25. Nxd6 Qd4 26. Qg5 f6 27. Qg3
Qxd5 28. Rad1 Qxa2 29. Nf5 Ng6 30. h4 Qe6 31. Qg4 Qf7 32. h5 Qc7 33. hxg6 h6
34. Rd7 Qxd7 35. Nxh6+ 1-0

[Event "StEM 2016"]
[Site "Bochum"]
[Date "2016.10.25"]
[Round "5.1"]
[White "Quast, Marcel"]
[Black "Freisen, Thomas"]
[Result "1-0"]
[WhiteElo "2230"]
[BlackElo "1934"]
[PlyCount "75"]
[EventDate "2016.??.??"]
[WhiteTeam "SC Gerthe - Werne"]
[BlackTeam "SV GÃ¼nnigfeld"]

1. e4 e6 2. d4 d5 3. Nd2 Nf6 4. e5 Nfd7 5. Bd3 c5 6. c3 Nc6 7. Ngf3 f6 8. exf6
Nxf6 9. O-O Bd6 10. Re1 cxd4 11. cxd4 O-O 12. Nf1 Qc7 13. Bg5 Bd7 14. Rc1 Bf4
15. Bxf4 Qxf4 16. g3 Qd6 17. Ne5 Rae8 18. a3 Re7 19. Kg2 Be8 20. Bb1 Qd8 21.
Rc3 Nxe5 22. dxe5 Nd7 23. f4 Nb8 24. Nd2 Nc6 25. h4 Kh8 26. b4 Rc7 27. Nb3 Re7
28. Nd4 Qb6 29. Rc5 Nxd4 30. Qxd4 Bg6 31. Bxg6 hxg6 32. Qd3 Rf5 33. Rc8+ Kh7
34. Rh1 Rc7 35. Rxc7 Qxc7 36. h5 d4 37. hxg6+ Kg8 38. Rd1 1-0

[Event "StEM 2016"]
[Site "Bochum"]
[Date "2016.10.25"]
[Round "5.2"]
[White "Lang, Daniel"]
[Black "Wolf, Ulrich"]
[Result "0-1"]
[WhiteElo "1992"]
[BlackElo "2045"]
[PlyCount "70"]
[EventDate "2016.??.??"]
[WhiteTeam "SV Wattenscheid"]
[BlackTeam "SV Wattenscheid"]

1. d4 Nf6 2. c4 e6 3. Nc3 Bb4 4. e3 Bxc3+ 5. bxc3 d6 6. Bd3 O-O 7. Nf3 Nbd7 8.
O-O Re8 9. Nd2 e5 10. f4 e4 11. Bc2 Nf8 12. Ba3 b6 13. Qe2 c5 14. Rac1 Bf5 15.
Kh1 Qd7 16. Rg1 h5 17. Nf1 h4 18. Qf2 Ng6 19. Bd1 Kf8 20. Qe2 Ke7 21. g4 hxg3
22. Rxg3 Rh8 23. Rg5 Rh7 24. Ng3 Nh4 25. Nxf5+ Nxf5 26. Rc2 Rah8 27. Qe1 g6 28.
Rd2 Qc8 29. Bc1 Rh3 30. Rdg2 Qf8 31. Bd2 Qh6 32. Qf2 Nh4 33. R2g3 Nf3 34. Rxh3
Qxh3 35. Bxf3 exf3 0-1

[Event "StEM 2016"]
[Site "Bochum"]
[Date "2016.10.25"]
[Round "5.3"]
[White "Hahn, Matthias"]
[Black "Schmidt, Ralph"]
[Result "1-0"]
[WhiteElo "2041"]
[BlackElo "1917"]
[PlyCount "57"]
[EventDate "2016.??.??"]
[WhiteTeam "SV Bochum-Linden"]
[BlackTeam "SV Bochum-Linden"]

1. d4 d6 2. Nf3 Nc6 3. e4 Nf6 4. Nc3 Bg4 5. Be3 e5 6. Bb5 Nd7 7. Bxc6 bxc6 8.
h3 Bxf3 9. Qxf3 exd4 10. Bxd4 c5 11. Be3 Rb8 12. b3 Ne5 13. Qe2 Qf6 14. O-O
Nf3+ 15. Qxf3 Qxc3 16. e5 Qxe5 17. Qc6+ Kd8 18. Rfe1 Be7 19. Bd2 Qf5 20. Rxe7
Kxe7 21. Qxc7+ Kf6 22. Qxd6+ Qe6 23. Bc3+ Kg6 24. Qg3+ Kh5 25. Re1 Qd7 26. Re5+
f5 27. Qg4+ Kh6 28. Re6+ g6 29. Qh4# 1-0

[Event "StEM 2016"]
[Site "Bochum"]
[Date "2016.10.25"]
[Round "5.4"]
[White "Gausmann, Thomas"]
[Black "Boxberg, Marc"]
[Result "1/2-1/2"]
[WhiteElo "1455"]
[BlackElo "1536"]
[PlyCount "117"]
[EventDate "2016.??.??"]
[WhiteTeam "SG Bochum"]
[BlackTeam "SVG Marten-BÃ¶vinghausen"]

1. d4 Nf6 2. Nf3 g6 3. Nc3 Bg7 4. e4 d6 5. Be2 O-O 6. O-O Bg4 7. h3 Bxf3 8.
Bxf3 e5 9. Be3 Nc6 10. d5 Ne7 11. Ne2 Nd7 12. Qc1 f5 13. Bh6 fxe4 14. Bxe4 Nf6
15. Bxg7 Kxg7 16. Bf3 Nexd5 17. c4 Nb4 18. Bxb7 Rb8 19. Bf3 e4 20. Nf4 Qe7 21.
Be2 Kg8 22. a3 Nc6 23. Qd2 Qe5 24. b4 Nd4 25. Bd1 g5 26. Nd5 Nxd5 27. cxd5 Nf3+
28. Bxf3 exf3 29. Rfe1 Qg7 30. Rac1 fxg2 31. Re3 Rf4 32. Rce1 Rbf8 33. Re7 Qh6
34. Kxg2 g4 35. Qc3 gxh3+ 36. Kh1 Rxf2 37. Qg3+ Kh8 38. Qc3+ Kg8 39. Qg3+ Kh8
40. Qc3+ R2f6 41. Re8 Qg7 42. Rxf8+ Rxf8 43. Qxg7+ Kxg7 44. Re3 Rf6 45. Kh2 Rh6
46. Rc3 Kf6 47. Rxc7 Ke5 48. Rxa7 Kxd5 49. a4 Kc6 50. a5 Rh4 51. Ra6+ Kb7 52.
Rb6+ Ka7 53. b5 Ra4 54. Ra6+ Kb7 55. Kxh3 d5 56. Rd6 Rxa5 57. Rxd5 Kb6 58. Rh5
Rxb5 59. Rxb5+ 1/2-1/2

[Event "StEM 2016"]
[Site "Bochum"]
[Date "2016.10.25"]
[Round "5.5"]
[White "Sondermann, Dirk"]
[Black "Bender, Markus"]
[Result "1-0"]
[WhiteElo "1794"]
[BlackElo "1831"]
[PlyCount "81"]
[EventDate "2016.??.??"]
[WhiteTeam "Sport Union Annen"]
[BlackTeam "SV GÃ¼nnigfeld"]

1. d4 Nf6 2. c4 g6 3. Nc3 Bg7 4. Nf3 d6 5. e4 O-O 6. Be2 e5 7. O-O Nc6 8. d5
Ne7 9. Ne1 Nd7 10. Be3 f5 11. f3 f4 12. Bf2 Nf6 13. Nd3 g5 14. c5 Ng6 15. cxd6
cxd6 16. Nb5 a6 17. Nc3 Rf7 18. Na4 h5 19. Nb6 Rb8 20. Rc1 g4 21. Nxc8 Rxc8 22.
Qb3 Rxc1 23. Rxc1 g3 24. Bb6 gxh2+ 25. Kh1 Qe7 26. Rc7 Nd7 27. Rc8+ Bf8 28. Bd8
Qe8 29. Qxb7 Nc5 30. Qc6 Rd7 31. Nxc5 dxc5 32. Bb6 Qf7 33. Bxc5 Qg7 34. Bf2 h4
35. Bxa6 h3 36. Qe6+ Rf7 37. Qxh3 Qf6 38. Rc6 Qg7 39. d6 Qf6 40. Bc4 Ne7 41.
Bh4 1-0

[Event "StEM 2016"]
[Site "Bochum"]
[Date "2016.10.25"]
[Round "5.6"]
[White "Funke, Eckhard"]
[Black "Finke, Dominik"]
[Result "0-1"]
[WhiteElo "1815"]
[BlackElo "1828"]
[PlyCount "52"]
[EventDate "2016.??.??"]
[WhiteTeam "SV GÃ¼nnigfeld"]
[BlackTeam "SG Bochum"]

1. d4 Nf6 2. Nf3 e6 3. e3 d5 4. Bd3 c5 5. c3 Nc6 6. Nbd2 Bd6 7. O-O O-O 8. dxc5
Bxc5 9. e4 Qd6 10. Qe2 dxe4 11. Bxe4 Ne7 12. b4 Bb6 13. Nc4 Qc7 14. Nxb6 Qxb6
15. Bg5 Nxe4 16. Qxe4 f6 17. Be3 Qc6 18. Qxc6 Nxc6 19. c4 e5 20. a3 Be6 21. c5
Rfd8 22. Rfd1 Kf7 23. Kf1 a5 24. Bd2 e4 25. b5 Bc4+ 26. Kg1 Bxb5 0-1

[Event "StEM 2016"]
[Site "Bochum"]
[Date "2016.10.25"]
[Round "5.7"]
[White "Hoffmann, Michael"]
[Black "Brandhoff, Gerd"]
[Result "1/2-1/2"]
[WhiteElo "1513"]
[BlackElo "1828"]
[PlyCount "119"]
[EventDate "2016.??.??"]
[WhiteTeam "SC an der Uni Bochum"]
[BlackTeam "SV GÃ¼nnigfeld"]

1. d4 d5 2. c4 e6 3. Nc3 Nf6 4. Bg5 Nbd7 5. Nf3 c6 6. e3 Qa5 7. Bxf6 Nxf6 8.
Bd3 Bb4 9. Qc2 dxc4 10. Bxc4 Nd5 11. Rc1 O-O 12. O-O Be7 13. Nxd5 exd5 14. Bd3
h6 15. Ne5 Bf6 16. f4 Qd8 17. b4 a6 18. a4 Bd7 19. b5 cxb5 20. axb5 axb5 21.
Qb3 Bxe5 22. fxe5 Ra5 23. Qxd5 Bc6 24. Qxd8 Rxd8 25. Rb1 Ra2 26. Rf2 Ra3 27.
Bxb5 Rxe3 28. Bxc6 bxc6 29. Rc1 Rxd4 30. g3 Rxe5 31. Rxc6 f6 32. Rc7 h5 33. Kg2
h4 34. Rf4 Rxf4 35. gxf4 Re4 36. Kf3 Rb4 37. f5 Rb3+ 38. Kg4 Rb4+ 39. Kh5 Kh7
40. Rc3 Rf4 41. Rh3 Rxf5+ 42. Kxh4 Rg5 43. Rc3 Rg2 44. Kh3 Rg1 45. Rc4 Kg6 46.
Kh4 Rg5 47. Rc6 Kf5 48. Rc5+ Kf4 49. Rc4+ Kf3 50. Rc3+ Kg2 51. Rc2+ Kh1 52. h3
Rg2 53. Rc3 Kh2 54. Rf3 Rd2 55. Kg4 Rd5 56. h4 Kg2 57. Rf4 Rb5 58. Rd4 g6 59.
Rd2+ Kf1 60. Rd6 1/2-1/2

[Event "StEM 2016"]
[Site "Bochum"]
[Date "2016.10.25"]
[Round "5.8"]
[White "KlÃ¼ting, Reiner"]
[Black "Koch, Guido"]
[Result "1-0"]
[WhiteElo "1866"]
[BlackElo "1633"]
[PlyCount "84"]
[EventDate "2016.??.??"]
[WhiteTeam "SV Wattenscheid"]
[BlackTeam "SV Wattenscheid"]

1. e4 e6 2. Qe2 c5 3. g3 Nc6 4. Nf3 g6 5. Bg2 Bg7 6. c3 Nge7 7. O-O O-O 8. Rd1
d5 9. d3 e5 10. Na3 d4 11. Bd2 Rb8 12. Rac1 h6 13. Ne1 Be6 14. c4 a6 15. f4 Qd6
16. Nf3 Bg4 17. h3 Bxf3 18. Bxf3 f5 19. Rf1 fxe4 20. Qxe4 Kh7 21. Kh2 Rbe8 22.
Bg4 Nf5 23. Bxf5 Rxf5 24. Qd5 Qf8 25. g4 Rxf4 26. Bxf4 exf4 27. Rce1 Re3 28.
Rxe3 dxe3 29. Nc2 e2 30. Rf2 Be5 31. Qf3 Qf6 32. Rxe2 Bd4 33. Nxd4 Qxd4 34. Qd5
f3 35. Qf7+ Qg7 36. Qxg7+ Kxg7 37. Re3 Nd4 38. Re7+ Kf6 39. Re3 Kg5 40. Kg3 h5
41. Re5+ Kf6 42. Rxc5 Ke6 1-0

[Event "StEM 2016"]
[Site "Bochum"]
[Date "2016.10.25"]
[Round "5.9"]
[White "Hoffmann, Klaus"]
[Black "Bauer, Matthias"]
[Result "1/2-1/2"]
[WhiteElo "1628"]
[BlackElo "1620"]
[PlyCount "37"]
[EventDate "2016.??.??"]
[WhiteTeam "SG HÃ¶ntrop"]
[BlackTeam "SV GÃ¼nnigfeld"]

1. e4 c6 2. Nc3 d5 3. d4 dxe4 4. Nxe4 Bf5 5. f3 e6 6. Ne2 Nd7 7. N2g3 Bg6 8.
Bd3 Be7 9. c3 Qc7 10. Be3 Ngf6 11. Qd2 Nd5 12. O-O Nxe3 13. Qxe3 h6 14. Nf2 Bg5
15. Qe1 Bxd3 16. Nxd3 Bh4 17. f4 O-O-O 18. Ne5 Nxe5 19. Qxe5 1/2-1/2

[Event "StEM 2016"]
[Site "Bochum"]
[Date "2016.10.25"]
[Round "5.10"]
[White "Mai, Michael"]
[Black "Benning, Martin"]
[Result "1/2-1/2"]
[WhiteElo "1436"]
[BlackElo "1556"]
[PlyCount "46"]
[EventDate "2016.??.??"]
[WhiteTeam "SV GÃ¼nnigfeld"]
[BlackTeam "SG Bochum"]

1. d4 Nf6 2. c4 g6 3. Nc3 Bg7 4. e4 d6 5. Nf3 O-O 6. Be2 e5 7. d5 Nh5 8. O-O f5
9. exf5 Bxf5 10. Ng5 Nf4 11. Nge4 Nd7 12. Bf3 Nf6 13. Nxf6+ Bxf6 14. g3 Nh3+
15. Kg2 Ng5 16. Bxg5 Bxg5 17. h4 Bh6 18. Bg4 Qd7 19. Bxf5 Qxf5 20. Qe2 g5 21.
hxg5 Bxg5 22. Rh1 Rf6 23. Rh5 Raf8 1/2-1/2

[Event "StEM 2016"]
[Site "Bochum"]
[Date "2016.10.25"]
[Round "5.11"]
[White "Bock, Oswin"]
[Black "Tolksdorf, JÃ¼rgen"]
[Result "0-1"]
[WhiteElo "1316"]
[BlackElo "1477"]
[PlyCount "40"]
[EventDate "2016.??.??"]
[WhiteTeam "SG HÃ¶ntrop"]
[BlackTeam "SG HÃ¶ntrop"]

1. e4 e5 2. Nf3 Nc6 3. Bc4 h6 4. O-O Nf6 5. Re1 Bc5 6. c3 O-O 7. a3 d5 8. exd5
Nxd5 9. Nxe5 Nxe5 10. Rxe5 Qf6 11. d4 c6 12. Qe1 Bd6 13. Re8 Bd7 14. Rxa8 Rxa8
15. Bf1 Re8 16. Qd1 c5 17. c4 Qxd4 18. Qxd4 cxd4 19. cxd5 Re1 20. b4 Rxc1 0-1

[Event "StEM 2016"]
[Site "Bochum"]
[Date "2016.11.08"]
[Round "6.2"]
[White "Finke, Dominik"]
[Black "Quast, Marcel"]
[Result "1/2-1/2"]
[WhiteElo "1828"]
[BlackElo "2230"]
[PlyCount "49"]
[EventDate "2016.??.??"]
[WhiteTeam "SG Bochum"]
[BlackTeam "SC Gerthe - Werne"]

1. e4 e5 2. Nf3 d6 3. d4 exd4 4. Nxd4 Nf6 5. Nc3 Be7 6. Bc4 O-O 7. O-O Nxe4 8.
Nxe4 d5 9. Bd3 dxe4 10. Bxe4 Re8 11. Qd3 g6 12. Bf4 c6 13. Rad1 Na6 14. Nxc6
bxc6 15. Qxd8 Rxd8 16. Rxd8+ Bxd8 17. Bxc6 Rb8 18. Bxb8 Nxb8 19. Bb5 Bf6 20. b3
Kf8 21. c4 Ke7 22. Rd1 Bc3 23. Kf1 Bb4 24. Ke2 Bf5 25. f3 1/2-1/2

[Event "StEM 2016"]
[Site "Bochum"]
[Date "2016.11.08"]
[Round "6.3"]
[White "Boxberg, Marc"]
[Black "Lang, Daniel"]
[Result "0-1"]
[WhiteElo "1536"]
[BlackElo "1992"]
[PlyCount "110"]
[EventDate "2016.??.??"]
[WhiteTeam "SVG Marten-BÃ¶vinghausen"]
[BlackTeam "SV Wattenscheid"]

1. e4 c5 2. c3 Nf6 3. e5 Nd5 4. d4 cxd4 5. Nf3 Nc6 6. Bc4 Nb6 7. Bb3 d5 8. exd6
Qxd6 9. cxd4 Be6 10. Be3 Qb4+ 11. Bd2 Bxb3 12. Qxb3 Qxb3 13. axb3 a6 14. O-O
Rd8 15. Bc3 e6 16. Nbd2 Be7 17. Nc4 Nd5 18. g3 O-O 19. Rfe1 Ncb4 20. Re2 Rd7
21. Nce5 Rc7 22. Bxb4 Nxb4 23. Rd2 Rd8 24. Nd3 Nc2 25. Rc1 Nxd4 26. Nxd4 Rcd7
27. Ne5 Rxd4 28. Rxd4 Rxd4 29. Rc8+ Rd8 30. Rxd8+ Bxd8 31. f4 Bf6 32. Nd3 Kf8
33. Kf2 Ke7 34. Ke3 Kd6 35. Ke4 g6 36. b4 Bg7 37. Ne5 Bxe5 38. fxe5+ Kc6 39.
Kd4 Kb5 40. Kc3 b6 41. g4 g5 42. h3 h6 43. b3 a5 44. bxa5 bxa5 45. Kb2 Kc5 46.
Ka3 Kd4 47. Ka4 Kxe5 48. Kxa5 Kd5 49. b4 e5 50. b5 e4 51. b6 e3 52. b7 e2 53.
b8=Q e1=Q+ 54. Ka6 Qa1+ 55. Kb7 Qb2+ 0-1

[Event "StEM 2016"]
[Site "Bochum"]
[Date "2016.11.08"]
[Round "6.4"]
[White "Freisen, Thomas"]
[Black "Sondermann, Dirk"]
[Result "1/2-1/2"]
[WhiteElo "1934"]
[BlackElo "1794"]
[PlyCount "90"]
[EventDate "2016.??.??"]
[WhiteTeam "SV GÃ¼nnigfeld"]
[BlackTeam "Sport Union Annen"]

1. d4 Nf6 2. Nf3 e6 3. c4 c5 4. Nc3 cxd4 5. Nxd4 Bb4 6. g3 O-O 7. Bg2 Qc7 8.
Qb3 Bxc3+ 9. Qxc3 a6 10. Bg5 d6 11. O-O Nbd7 12. Rfd1 h6 13. Bd2 Nc5 14. Qc2
Bd7 15. Rac1 Rac8 16. Qb1 Rfd8 17. b3 Ng4 18. Bc3 Ne5 19. Qb2 Ng4 20. h3 Nf6
21. Nc2 e5 22. Ne3 Be6 23. Qb1 g6 24. Bb2 Qe7 25. Ba3 Nh5 26. Nd5 Bxd5 27. Bxd5
Kg7 28. Bb2 f5 29. Bg2 Rb8 30. Rd2 Nf6 31. Qc2 Nfe4 32. Rdd1 Kh7 33. b4 Ne6 34.
Bxe4 fxe4 35. Qxe4 Ng5 36. Qg2 Qe6 37. h4 Nf7 38. Qd5 Qf6 39. Rd3 Rf8 40. Rf3
Qe7 41. Rd1 Rbc8 42. Qe4 h5 43. Rd5 Nh6 44. Rxf8 Rxf8 45. f3 Nf5 1/2-1/2

[Event "StEM 2016"]
[Site "Bochum"]
[Date "2016.11.08"]
[Round "6.5"]
[White "Schmidt, Ralph"]
[Black "Gausmann, Thomas"]
[Result "1-0"]
[WhiteElo "1917"]
[BlackElo "1455"]
[PlyCount "57"]
[EventDate "2016.??.??"]
[WhiteTeam "SV Bochum-Linden"]
[BlackTeam "SG Bochum"]

1. e4 e5 2. Nf3 Nc6 3. Bc4 Bc5 4. c3 Nf6 5. d3 d6 6. Nbd2 a6 7. Bb3 O-O 8. Nf1
d5 9. exd5 Nxd5 10. Ng3 Re8 11. O-O Bg4 12. h3 Be6 13. Ng5 Nf4 14. N3e4 Bxb3
15. Qxb3 Qe7 16. Nxf7 Na5 17. Nh6+ Kh8 18. Qa4 Bb6 19. Nf5 Qf7 20. Bxf4 exf4
21. Nd4 Rad8 22. Rad1 Bxd4 23. Qxa5 Bb6 24. Qa4 Qf5 25. Rfe1 f3 26. Ng5 Rxe1+
27. Rxe1 h6 28. Re8+ Rxe8 29. Qxe8+ 1-0

[Event "StEM 2016"]
[Site "Bochum"]
[Date "2016.11.08"]
[Round "6.6"]
[White "Brandhoff, Gerd"]
[Black "KlÃ¼ting, Reiner"]
[Result "1/2-1/2"]
[WhiteElo "1828"]
[BlackElo "1866"]
[PlyCount "55"]
[EventDate "2016.??.??"]
[WhiteTeam "SV GÃ¼nnigfeld"]
[BlackTeam "SV Wattenscheid"]

1. e4 Nf6 2. Nc3 d5 3. exd5 Nxd5 4. Qf3 e6 5. Bc4 c6 6. Nge2 Nd7 7. d4 Qf6 8.
Qg3 Qg6 9. Qxg6 hxg6 10. a3 Bd6 11. Ne4 Bc7 12. g3 e5 13. c3 N7b6 14. Bd3 exd4
15. Nxd4 Bh3 16. Ng5 Bg4 17. Be2 Bxe2 18. Nxe2 O-O 19. O-O Rfe8 20. Nd4 Nc4 21.
Ngf3 f6 22. Nb3 Re7 23. Nfd2 Ne5 24. Nd4 Nd3 25. Nc4 Rae8 26. Rb1 a6 27. Ne3
Nxc1 28. Nxd5 1/2-1/2

[Event "StEM 2016"]
[Site "Bochum"]
[Date "2016.11.08"]
[Round "6.7"]
[White "Bauer, Matthias"]
[Black "Hoffmann, Michael"]
[Result "1/2-1/2"]
[WhiteElo "1620"]
[BlackElo "1513"]
[PlyCount "55"]
[EventDate "2016.??.??"]
[WhiteTeam "SV GÃ¼nnigfeld"]
[BlackTeam "SC an der Uni Bochum"]

1. d4 d5 2. f4 Nf6 3. e3 Bg4 4. Be2 Bxe2 5. Qxe2 Nbd7 6. Nf3 e6 7. O-O Be7 8.
Nbd2 O-O 9. c4 c5 10. b3 Rc8 11. Bb2 Nb6 12. cxd5 exd5 13. dxc5 Bxc5 14. Bd4
Qe7 15. Ne5 Bxd4 16. exd4 Rc2 17. Rfc1 Rfc8 18. Qd1 Qc7 19. Rxc2 Qxc2 20. Qxc2
Rxc2 21. Ndf3 Ne4 22. Nd3 a5 23. Nfe1 Rc3 24. Rc1 Rxc1 25. Nxc1 Nd7 26. Ned3 f6
27. Ne2 Kf7 28. g3 1/2-1/2

[Event "StEM 2016"]
[Site "Bochum"]
[Date "2016.11.08"]
[Round "6.8"]
[White "Tolksdorf, JÃ¼rgen"]
[Black "Funke, Eckhard"]
[Result "0-1"]
[WhiteElo "1477"]
[BlackElo "1815"]
[PlyCount "124"]
[EventDate "2016.??.??"]
[WhiteTeam "SG HÃ¶ntrop"]
[BlackTeam "SV GÃ¼nnigfeld"]

1. b3 e6 2. Bb2 Nf6 3. Nc3 d5 4. e3 c6 5. Nf3 Bd6 6. d4 Nbd7 7. Bd3 e5 8. dxe5
Nxe5 9. Nxe5 Bxe5 10. Qd2 Bg4 11. f3 Bh5 12. O-O-O Qc7 13. Kb1 O-O-O 14. g4 Bg6
15. h3 d4 16. Ne2 dxe3 17. Qxe3 Bxb2 18. Kxb2 Rhe8 19. Qd2 Bxd3 20. cxd3 Qe5+
21. Nc3 Qd4 22. Kc2 Re3 23. Rhf1 Nd5 24. Nxd5 Rxd5 25. b4 a5 26. a3 axb4 27.
axb4 c5 28. Qc3 Re2+ 29. Kb3 Qxc3+ 30. Kxc3 cxb4+ 31. Kxb4 Rd6 32. Rc1+ Kd7 33.
Rc3 Re3 34. Rfc1 Rdxd3 35. Rc7+ Ke6 36. f4 Rd4+ 37. R1c4 Rxc4+ 38. Kxc4 Rxh3
39. Rxb7 g6 40. Rb6+ Ke7 41. Kd5 Kf8 42. Ke5 Kg7 43. g5 Re3+ 44. Kd5 h6 45.
gxh6+ Kxh6 46. f5 Kg5 47. Kd4 Re1 48. fxg6 fxg6 49. Rb8 Kg4 50. Kd3 g5 51. Kd2
Re5 52. Rb3 Kh4 53. Rb1 g4 54. Rb4 Kh3 55. Rb8 g3 56. Rh8+ Kg2 57. Kd3 Kg1 58.
Kd2 g2 59. Rg8 Kf2 60. Rf8+ Kg3 61. Kd3 g1=Q 62. Rg8+ Kf2 0-1